01121nam a2200193 a 450000100100000000500170001000800410002702000150006804000250008324502530010826001060036130000440046750400290051170000370054095201050057795201110068295201170079399900170091000004189020201002035820.0131021s1995 sp ab 000 0 spa d z8478190651 aDO-SdBNPbspacBNPHU00aTabvla Imperii Romani :bHoja J-29, Lisboa : Emerita, Scallabis, Pax Ivlia, Gades : sobre la base cartográfica del mapa a escala 1:1.000.000 del IGN /ceditores : Jorge de Alarcâo ... [et al.] ; texto rev. por: Adela Cepas Palanca ... [et al.]. aMadrid :bInstituto Geográfico Nacional,bConsejo Superior de Investigaciones Científicas,c1995. a219 p. :bil., + 1 map. pleg. ;c24 cm. aBibliografía: p. 12-2212aAlarcâo, Jorge deeedt.968778 001050718MOaGRbGRcCTd2013-10-21iLF1l0o p41890-10r2020-06-25w2020-06-25y1ZNo se presta 001150718MOaGRbGRcMId2013-10-23iLF1l0o p41890-20r2020-06-25te. 2w2020-06-25y1ZNo se presta 001154708MOaGRbGRcMId2013-10-23iLF1l0o p41890-30r2020-06-25te. 3w2020-06-25y4ZPréstamo en sala c41379d41379